MMA 2006. Flexibilne technologije : Zbornik radova
Gespeichert in:
| Körperschaft: | |
|---|---|
| Format: | Tagungsbericht Buch |
| Sprache: | Mehrsprachig |
| Veröffentlicht: |
Novi Sad :
Institut za proizvodno mašinstvo,
2006
|
| Tags: |
Keine Tags, Fügen Sie das erste Tag hinzu!
|
MARC
| LEADER | 00000nam a22000003a 4500 | ||
|---|---|---|---|
| 001 | stu122109 | ||
| 005 | 20150408182321.5 | ||
| 008 | 060628s2006----yu------------------mul-d | ||
| 020 | |a 86-85211-96-4 | ||
| 040 | |a STU |b slo | ||
| 041 | 0 | |a mul | |
| 044 | |a yu | ||
| 111 | 2 | |a Medunarodna naučno-stručna konferencija |n (IX. : |d 15.-16.jun 2006 : |c Novi Sad) | |
| 245 | |a MMA 2006. Flexibilne technologije : |b Zbornik radova | ||
| 260 | |a Novi Sad : |b Institut za proizvodno mašinstvo, |c 2006 | ||
| 996 | |b 284M073639 |c M*Z-2868 |l MMKN |s A |a 24 |w stu122109_0001 | ||
| 996 | |b 284M073640 |c M*CD-873 |l MMKN |s A |a 24 |w stu122109_0002 | ||